[Event "Women's World Teams 2015"]
[Site "Chengdu CHN"]
[Date "2015.04.27"]
[Round "8.5"]
[Board "3"]
[White "Kursova, Maria"]
[Black "Batsiashvili, Nino"]
[Result "0-1"]
[WhiteTitle "WGM"]
[BlackTitle "IM"]
[WhiteElo "2290"]
[BlackElo "2475"]
[WhiteTeam "ARMENIA"]
[BlackTeam "GEORGIA"]
[WhiteFideId "4129709"]
[BlackFideId "13602993"]
[EventDate "2015.04.19"]

1. d4 f5 2. g3 Nf6 3. Bg2 g6 4. Nf3 Bg7 5. O-O O-O 6. b3 d6 7. Bb2 c6 8. c4 a5
9. Nc3 Na6 10. Qd2 Bd7 11. Rad1 Rb8 12. Rfe1 b5 13. cxb5 cxb5 14. Ng5 Nc7 15.
Qc2 h6 16. Nh3 b4 17. Na4 Ncd5 18. Nf4 Nxf4 19. gxf4 Qe8 20. Rc1 g5 21. fxg5
hxg5 22. Qd3 f4 23. Rc7 Qh5 24. Ra7 g4 25. d5 Bb5 26. Qd4 Bxa4 27. bxa4 Ne8 28.
Qd2 Bxb2 29. Qxb2 Rf7 30. Qd4 f3 31. Bf1 b3 32. exf3 gxf3 33. Kh1 Rh7 34. Qf4
Rb4 35. Bc4 b2 36. Rg1+ Rg7 37. Rxg7+ Nxg7 38. Ra8+ Ne8 39. Rxe8+ Qxe8 40. Qg5+
Kf7 41. Qf4+ Kg7 42. Qg5+ Qg6 43. Qxe7+ Qf7 44. Qg5+ Kf8 45. Qd8+ Qe8 46. Qf6+
Kg8 47. Qg5+ Kf7 48. Qf5+ Ke7 49. Qe6+ Kd8 50. Qxd6+ Qd7 51. Qf8+ Kc7 52. d6+
Qxd6 53. Qf7+ Kb6 0-1

[Event "Women's World Teams 2015"]
[Site "Chengdu CHN"]
[Date "2015.04.27"]
[Round "8.5"]
[Board "4"]
[White "Wafa, Shahenda"]
[Black "Nakhbayeva, Guliskhan"]
[Result "0-1"]
[WhiteTitle "WIM"]
[BlackTitle "WGM"]
[WhiteElo "2123"]
[BlackElo "2329"]
[WhiteTeam "EGYPT"]
[BlackTeam "KAZAKHSTAN"]
[WhiteFideId "10609962"]
[BlackFideId "13704788"]
[EventDate "2015.04.19"]

1. e4 c5 2. Nf3 e6 3. d4 cxd4 4. Nxd4 Nf6 5. Nc3 d6 6. Be2 Be7 7. O-O O-O 8. Kh1
Nc6 9. Be3 e5 10. Nxc6 bxc6 11. f4 exf4 12. Bxf4 Qc7 13. Qe1 Nd7 14. Qg3 Ne5 15.
Rad1 Be6 16. b3 a5 17. Na4 Rfd8 18. c4 c5 19. Nc3 Ra6 20. Bh5 Bf6 21. Nd5 Bxd5
22. Rxd5 g6 23. Bh6 Qe7 24. Be2 Rb8 25. Qf4 Bg7 26. Bg5 Qe6 27. Qd2 Nd7 28. Qd1
Qxe4 29. Bf3 Qe6 30. Bg4 f5 31. Rdxf5 gxf5 32. Bxf5 Qe8 33. Qd3 Nf8 34. Be4 Ra7
35. Rf3 Qe5 36. Bd2 Qa1+ 37. Rf1 Qd4 38. Qe2 Kh8 39. Bd5 Ng6 40. Be1 Re7 41. Qh5
Rf8 42. Rg1 Qxg1+ 43. Kxg1 Rxe1# 0-1

[Event "Women's World Teams 2015"]
[Site "Chengdu CHN"]
[Date "2015.04.28"]
[Round "9.1"]
[Board "2"]
[White "Arabidze, Meri"]
[Black "Shen, Yang"]
[Result "1-0"]
[WhiteTitle "IM"]
[BlackTitle "IM"]
[WhiteElo "2374"]
[BlackElo "2459"]
[WhiteTeam "GEORGIA"]
[BlackTeam "CHINA"]
[WhiteFideId "13604040"]
[BlackFideId "8603162"]
[EventDate "2015.04.19"]

1. d4 d5 2. c4 dxc4 3. Nf3 a6 4. e3 b5 5. a4 Bb7 6. b3 Nf6 7. bxc4 bxc4 8. Bxc4
e6 9. O-O Nbd7 10. Qe2 Be7 11. Rd1 O-O 12. Nc3 Ra7 13. d5 exd5 14. Nxd5 Nxd5 15.
Bxd5 Bxd5 16. Rxd5 c6 17. Rd1 Bf6 18. Bb2 Bxb2 19. Qxb2 Qb8 20. Qc2 c5 21. Ng5
g6 22. Rd5 Qd8 23. Rad1 Qe7 24. a5 Re8 25. h4 h6 26. Nf3 h5 27. Qc4 Rb8 28. Rd6
Nf8 29. Qxc5 Rc7 30. Qg5 Qxg5 31. Nxg5 Ra7 32. R1d5 Rb1+ 33. Kh2 Ra1 34. Kg3 Ra4
35. Kh3 Kg7 36. f3 Nh7 37. Nxh7 Kxh7 38. e4 Kh6 39. e5 Rb4 40. e6 fxe6 41. Rxe6
Rb5 42. Rxa6 Rxd5 43. Rxa7 Rb5 44. Kg3 Rf5 45. Kf2 Rf4 46. Re7 1-0

[Event "Women's World Teams 2015"]
[Site "Chengdu CHN"]
[Date "2015.04.28"]
[Round "9.1"]
[Board "3"]
[White "Lei, Tingjie"]
[Black "Batsiashvili, Nino"]
[Result "1/2-1/2"]
[WhiteTitle "WGM"]
[BlackTitle "IM"]
[WhiteElo "2444"]
[BlackElo "2475"]
[WhiteTeam "CHINA"]
[BlackTeam "GEORGIA"]
[WhiteFideId "8605114"]
[BlackFideId "13602993"]
[EventDate "2015.04.19"]

1. d4 d5 2. c4 e6 3. Nf3 Nf6 4. g3 c5 5. Bg2 Nc6 6. O-O Be7 7. cxd5 exd5 8. dxc5
Bxc5 9. Bg5 O-O 10. Nc3 d4 11. Ne4 Be7 12. Bxf6 Bxf6 13. Rc1 Re8 14. Nfd2 Be7
15. Nb3 Rb8 16. Nec5 Qb6 17. Qd2 h6 18. h4 Bxc5 19. Nxc5 Bg4 20. Rfe1 h5 21. a3
Re7 22. Nd3 Rd8 23. b4 Ne5 24. Nf4 Qh6 25. Qc2 b6 26. Kh1 Red7 27. Qe4 d3 28.
exd3 Nxd3 29. Nxd3 Rxd3 30. Qe7 R3d7 31. Qe5 Qd6 32. Qxd6 Rxd6 33. Rc7 R6d7 34.
Rec1 g6 35. Rxd7 Rxd7 36. Rc8+ Kg7 37. Ra8 Kf6 38. a4 Rd4 39. Rxa7 Rxb4 40. Bc6
Rc4 41. Bd5 Rc1+ 42. Kg2 Be6 43. Bxe6 fxe6 44. a5 bxa5 45. Rxa5 1/2-1/2

[Event "Women's World Teams 2015"]
[Site "Chengdu CHN"]
[Date "2015.04.28"]
[Round "9.1"]
[Board "4"]
[White "Melia, Salome"]
[Black "Ding, Yixin"]
[Result "1/2-1/2"]
[WhiteTitle "IM"]
[BlackTitle "WGM"]
[WhiteElo "2459"]
[BlackElo "2434"]
[WhiteTeam "GEORGIA"]
[BlackTeam "CHINA"]
[WhiteFideId "13602446"]
[BlackFideId "8602972"]
[EventDate "2015.04.19"]

1. e4 c5 2. Nf3 d6 3. Bb5+ Bd7 4. Bxd7+ Qxd7 5. c4 Nf6 6. Nc3 g6 7. d4 cxd4 8.
Nxd4 Bg7 9. f3 O-O 10. Be3 Nc6 11. O-O a6 12. a4 Qd8 13. Rb1 Nd7 14. Nde2 Nc5
15. b4 Nd7 16. f4 a5 17. b5 Nb4 18. Nd5 Nc5 19. Ng3 Nbd3 20. Qd2 e6 21. Nc3 Re8
22. Rbd1 Rc8 23. Nge2 f5 24. exf5 exf5 25. Bd4 Qe7 26. Bxg7 Kxg7 27. Rf3 Nb4 28.
Qxd6 Qxd6 29. Rxd6 Nxa4 30. Rd7+ Kg8 31. Nxa4 Rxe2 32. c5 1/2-1/2

[Event "Women's World Teams 2015"]
[Site "Chengdu CHN"]
[Date "2015.04.28"]
[Round "9.2"]
[Board "3"]
[White "Kursova, Maria"]
[Black "Padmini, Rout"]
[Result "0-1"]
[WhiteTitle "WGM"]
[BlackTitle "WGM"]
[WhiteElo "2290"]
[BlackElo "2454"]
[WhiteTeam "ARMENIA"]
[BlackTeam "INDIA"]
[WhiteFideId "4129709"]
[BlackFideId "5029295"]
[EventDate "2015.04.19"]

1. d4 Nf6 2. Nf3 g6 3. c4 Bg7 4. g3 c6 5. Nc3 d5 6. Qb3 O-O 7. Bg2 Qb6 8. O-O
dxc4 9. Qxc4 Be6 10. Qa4 Bd5 11. Rd1 Rd8 12. Rb1 Nbd7 13. Qc2 Bxf3 14. Bxf3 e5
15. Be3 exd4 16. Rxd4 Ne5 17. Rxd8+ Qxd8 18. Bg2 Qe7 19. Rd1 Nfg4 20. Bd4 Nd7
21. Bxg7 Kxg7 22. Ne4 Ngf6 23. Nd6 Nb6 24. Nc4 Qc5 25. Ne3 Qe5 26. Qb3 Re8 27.
Bf3 h5 28. Qb4 Nfd7 29. Qd4 a5 30. Kf1 a4 31. Nc2 Kg8 32. e3 Qe6 33. a3 Ne5 34.
Ne1 Qb3 35. Be2 Nbc4 36. Rc1 b5 37. Rc2 Re6 38. Kg2 Rd6 39. Qc5 Rd5 40. Bxc4
bxc4 41. Qe7 Nd3 42. Nxd3 Qxc2 43. Nb4 Qxb2 44. Nxd5 cxd5 45. Qe8+ Kg7 46. Qxa4
Qb3 47. Qe8 c3 48. Qe5+ Kh7 49. Qe7 d4 50. exd4 Qc4 51. Qe3 c2 52. Qc1 Kg7 53.
a4 Qe2 54. d5 Qe4+ 55. f3 Qe2+ 56. Kh3 Qd1 57. Qb2+ Kh7 58. Qb7 Qxf3 59. Qc7
Qf1+ 0-1

[Event "Women's World Teams 2015"]
[Site "Chengdu CHN"]
[Date "2015.04.28"]
[Round "9.2"]
[Board "4"]
[White "Soumya, Swaminathan"]
[Black "Gaboyan, Susanna"]
[Result "1-0"]
[WhiteTitle "WGM"]
[WhiteElo "2366"]
[BlackElo "2175"]
[WhiteTeam "INDIA"]
[BlackTeam "ARMENIA"]
[WhiteFideId "5016193"]
[BlackFideId "13303627"]
[EventDate "2015.04.19"]

1. e4 e5 2. Nf3 Nc6 3. Bb5 a6 4. Ba4 Nf6 5. d3 b5 6. Bb3 Bc5 7. O-O d6 8. c3 h6
9. a4 Bg4 10. Be3 O-O 11. h3 Bh5 12. Nbd2 Rb8 13. Re1 Qd7 14. axb5 axb5 15. Nf1
Bxe3 16. Nxe3 Ne7 17. g4 Bg6 18. Nh4 c6 19. Qf3 Nh7 20. Qg3 Ng5 21. Nhg2 b4 22.
Bd1 bxc3 23. bxc3 f6 24. f4 exf4 25. Nxf4 Bf7 26. Nf5 d5 27. h4 Ne6 28. exd5
Nxd5 29. Nxd5 cxd5 30. Bf3 Kh8 31. Nd6 Bg8 32. d4 Rb6 33. Nf5 Rb3 34. Re3 Rc8
35. Bg2 Qb5 36. Nd6 1-0

[Event "Women's World Teams 2015"]
[Site "Chengdu CHN"]
[Date "2015.04.28"]
[Round "9.3"]
[Board "2"]
[White "Nemcova, Katerina"]
[Black "Pogonina, Natalija"]
[Result "1/2-1/2"]
[WhiteTitle "WGM"]
[BlackTitle "WGM"]
[WhiteElo "2279"]
[BlackElo "2456"]
[WhiteTeam "UNITED STATES OF AMERICA"]
[BlackTeam "RUSSIA"]
[WhiteFideId "322750"]
[BlackFideId "4147855"]
[EventDate "2015.04.19"]

1. e4 e5 2. Nf3 Nc6 3. Bc4 Bc5 4. c3 Nf6 5. d4 exd4 6. cxd4 Bb4+ 7. Nbd2 d5 8.
exd5 Nxd5 9. O-O O-O 10. a3 Bxd2 11. Bxd2 h6 12. Ba2 Be6 13. Ne5 Nde7 14. Bxe6
fxe6 15. Nxc6 Nxc6 16. Qg4 Qf6 17. Rae1 Rae8 18. Bc3 Qf5 19. Qg3 Re7 20. Re3 Qd5
21. Qh4 Rf6 22. Rfe1 Ref7 23. f3 Rd7 24. Re4 Rg6 25. Qf2 Rd6 26. R1e2 b5 27. Bb4
Nxb4 28. axb4 Qb3 29. Qe3 Qxe3+ 30. R2xe3 Rf6 31. Ra3 a6 32. Rc3 Rf7 33. Kf2
Rfd7 34. Ke3 Kf7 35. Rc5 Rd5 36. Rxd5 exd5 37. Re5 c6 38. Rf5+ Ke7 39. h4 Ra7
40. Re5+ Kf7 41. Rf5+ Ke7 42. Re5+ Kf7 43. Rf5+ Ke7 44. Re5+ 1/2-1/2

[Event "Women's World Teams 2015"]
[Site "Chengdu CHN"]
[Date "2015.04.28"]
[Round "9.3"]
[Board "3"]
[White "Goryachkina, Aleksandra"]
[Black "Foisor, Sabina-Francesca"]
[Result "1-0"]
[WhiteTitle "WGM"]
[BlackTitle "WGM"]
[WhiteElo "2456"]
[BlackElo "2276"]
[WhiteTeam "RUSSIA"]
[BlackTeam "UNITED STATES OF AMERICA"]
[WhiteFideId "4147103"]
[BlackFideId "1212915"]
[EventDate "2015.04.19"]

1. d4 Nf6 2. c4 e6 3. Nf3 d5 4. g3 dxc4 5. Bg2 Bd7 6. Qc2 Bc6 7. Qxc4 Bd5 8.
Qa4+ Qd7 9. Qxd7+ Nbxd7 10. Nc3 Bc6 11. O-O Ne4 12. Ng5 Nxc3 13. bxc3 Bxg2 14.
Kxg2 h6 15. Ne4 Be7 16. Rb1 O-O-O 17. Bb2 Nb6 18. Nd2 Rhe8 19. Rfd1 Bf6 20. e3
e5 21. Ba3 Re6 22. Rb3 Be7 23. Bxe7 Rxe7 24. Rdb1 c5 25. Nf3 e4 26. Nd2 f5 27.
Rb5 Rc7 28. Ra5 cxd4 29. cxd4 Rc2 30. Rxa7 Kc7 31. Ra5 Rd5 32. Ra3 Rd8 33. Rab3
Rd6 34. R1b2 Rxb2 35. Rxb2 Rc6 36. Nb3 Nc4 37. Re2 Kd6 38. f3 b6 39. Nd2 Kd5 40.
Nxc4 Rxc4 41. Rb2 Ra4 42. h3 h5 43. g4 exf3+ 44. Kxf3 fxg4+ 45. hxg4 hxg4+ 46.
Kf4 Ra3 47. Rb5+ Kc6 48. Rg5 b5 49. Rc5+ Kb6 50. Rc2 g5+ 51. Ke4 g3 52. d5 b4
53. Kd4 Kb5 54. Rg2 Rc3 55. Rxg3 Rc2 56. Rxg5 Rxa2 57. Rg8 Rd2+ 58. Ke5 b3 59.
Rb8+ Kc4 60. e4 b2 61. d6 Kc5 62. d7 Rxd7 63. Rxb2 Re7+ 64. Kf5 Rh7 65. e5 Rh5+
66. Kf6 Rh6+ 67. Kg5 Rh1 68. Rd2 Kc6 69. e6 Kc7 70. e7 Re1 71. Kf6 Rf1+ 72. Kg7
Rg1+ 73. Kf7 Rf1+ 74. Ke8 Rf3 75. Rc2+ Kb6 76. Rc4 Kb5 77. Rd4 Kc5 78. Rd1 Ra3
79. Kd7 Ra7+ 80. Ke6 Ra6+ 81. Kf7 Ra7 82. Kf8 1-0

[Event "Women's World Teams 2015"]
[Site "Chengdu CHN"]
[Date "2015.04.28"]
[Round "9.3"]
[Board "4"]
[White "Ni, Viktorija"]
[Black "Girya, Olga"]
[Result "0-1"]
[WhiteTitle "WIM"]
[BlackTitle "WGM"]
[WhiteElo "2188"]
[BlackElo "2459"]
[WhiteTeam "UNITED STATES OF AMERICA"]
[BlackTeam "RUSSIA"]
[WhiteFideId "11602252"]
[BlackFideId "4195752"]
[EventDate "2015.04.19"]

1. Nf3 d5 2. g3 c6 3. Bg2 Bg4 4. c4 e6 5. cxd5 Bxf3 6. Bxf3 cxd5 7. O-O Nc6 8.
d3 Nf6 9. Nc3 Be7 10. e4 dxe4 11. dxe4 Nd7 12. Be3 O-O 13. Qb3 Nc5 14. Qb5 a6
15. Qe2 Qa5 16. Bg2 Rad8 17. Rad1 b5 18. Nd5 exd5 19. exd5 Nb8 20. b4 Qxb4 21.
Bd2 Qc4 22. Qxe7 Nbd7 23. Ba5 Rde8 24. Qd6 b4 25. Rb1 Rb8 26. Bh3 f5 27. Bg2 Rb5
28. Rfc1 Qxa2 29. Ra1 Qd2 30. Rd1 Qc3 31. Bf1 Rxa5 32. Rxa5 b3 33. Raa1 b2 34.
Rab1 a5 35. Bb5 Nf6 36. Qf4 Nfe4 37. d6 g5 38. Qe3 Qxe3 39. fxe3 Nc3 40. Bc4+
Kg7 41. Rxb2 Nxd1 42. Rb5 Ne4 43. d7 Nxe3 44. Re5 Rd8 45. Bb5 Nd6 46. Bc6 Nec4
47. Re7+ Kf6 48. Rxh7 Nf7 49. g4 Nce5 50. Ba4 fxg4 51. h3 Nxd7 0-1

[Event "Women's World Teams 2015"]
[Site "Chengdu CHN"]
[Date "2015.04.28"]
[Round "9.4"]
[Board "3"]
[White "Sherif, Amina"]
[Black "Ushenina, Anna"]
[Result "0-1"]
[WhiteTitle "WIM"]
[BlackTitle "GM"]
[WhiteElo "1961"]
[BlackElo "2486"]
[WhiteTeam "EGYPT"]
[BlackTeam "UKRAINE"]
[WhiteFideId "12911690"]
[BlackFideId "14110911"]
[EventDate "2015.04.19"]

1. e4 c6 2. Nc3 g6 3. d4 d5 4. Nf3 Bg7 5. Be3 Qa5 6. Qd2 dxe4 7. Nxe4 Qxd2+ 8.
Kxd2 Nd7 9. h3 Ngf6 10. Nxf6+ Nxf6 11. c4 Bf5 12. Rd1 O-O 13. Bd3 Bxd3 14. Kxd3
Rfd8 15. Kc2 e6 16. Rd3 Ne4 17. Rhd1 Nd6 18. b3 h6 19. Ne5 Rac8 20. Kd2 Nf5 21.
Ke2 Rd6 22. Nf3 g5 23. g4 Ne7 24. h4 f6 25. hxg5 hxg5 26. Nd2 Rdd8 27. Ne4 b6
28. Ng3 Rd7 29. Nh5 Rcd8 30. f4 gxf4 31. Bxf4 Ng6 32. Bg3 Bh8 33. Nf4 Kf7 34.
Nxg6 Kxg6 35. Bf4 Bg7 36. Be3 Rh8 37. Bf4 Rh4 38. Rg1 f5 39. Kf3 Bxd4 40. gxf5+
Kxf5 41. Rg5+ Kf6 42. Rg2 Rh3+ 43. Bg3 Kf5 44. Re2 e5 45. Kg2 e4 46. Rxd4 Rxg3+
47. Kxg3 Rxd4 48. Rf2+ Ke5 49. Rf7 Rd3+ 50. Kf2 Rd2+ 51. Ke3 Rxa2 52. Re7+ Kd6
53. Rxe4 Ra3 54. Kd4 Rxb3 55. Rh4 c5+ 56. Ke4 a5 57. Rh6+ Kc7 58. Rh7+ Kc6 59.
Rh6+ Kb7 60. Rh7+ Ka6 61. Kd5 a4 62. Kc6 Rg3 63. Rh8 Rg6+ 64. Kd5 Ka5 65. Rh1 a3
66. Ra1 Ka4 67. Rb1 a2 68. Ra1 Kb3 0-1

[Event "Women's World Teams 2015"]
[Site "Chengdu CHN"]
[Date "2015.04.28"]
[Round "9.4"]
[Board "4"]
[White "Gaponenko, Inna"]
[Black "Wafa, Shrook"]
[Result "1/2-1/2"]
[WhiteTitle "IM"]
[BlackTitle "WGM"]
[WhiteElo "2384"]
[BlackElo "2058"]
[WhiteTeam "UKRAINE"]
[BlackTeam "EGYPT"]
[WhiteFideId "14101181"]
[BlackFideId "10609970"]
[EventDate "2015.04.19"]

1. e4 c5 2. Nf3 d6 3. d4 cxd4 4. Nxd4 Nf6 5. Nc3 g6 6. Be3 Bg7 7. f3 O-O 8. Qd2
Nc6 9. O-O-O Bd7 10. g4 Ne5 11. Kb1 Qa5 12. h4 Rfc8 13. Be2 b5 14. Ncxb5 Qxd2
15. Bxd2 Bxb5 16. Nxb5 Rab8 17. Nxa7 Rc7 18. Nb5 Nxf3 19. Nxc7 Nxd2+ 20. Rxd2
Nxe4 21. Rd3 Rxb2+ 22. Kc1 Rxa2 23. Rb3 Ra1+ 24. Rb1 Rxb1+ 25. Kxb1 Nc3+ 26. Kc1
Nxe2+ 27. Kd2 Nd4 28. h5 f5 29. hxg6 hxg6 30. gxf5 gxf5 31. Rf1 e6 32. Kd3 Kf7
33. Rb1 e5 34. c3 e4+ 35. Ke3 Ne6 36. Nd5 Bh6+ 37. Kf2 Nc5 38. Rh1 Nd3+ 39. Kf1
Bg5 40. Rh5 Kg6 41. Rh8 f4 42. c4 f3 43. Rg8+ Kf5 44. Re8 Ne5 45. Rf8+ Kg4 46.
Rg8 Nxc4 47. Nf6+ Kf5 48. Nxe4 Kxe4 49. Rxg5 Ke3 50. Rf5 Nd2+ 51. Kg1 Ne4 52.
Kh2 Ke2 53. Kh3 f2 54. Kg2 d5 55. Rf4 Ke3 56. Rf3+ Kd2 57. Rf5 d4 58. Rf4 Kd3
59. Rf3+ Kc4 60. Rf4 Kd5 61. Rf5+ Ke6 62. Rf4 Ke5 63. Rf3 Kd5 64. Rf5+ Kd6 65.
Rf4 Kd5 66. Rf5+ Kc4 67. Rf4 Kd3 68. Rf3+ Kd2 69. Rf4 Ke3 1/2-1/2

[Event "Women's World Teams 2015"]
[Site "Chengdu CHN"]
[Date "2015.04.28"]
[Round "9.5"]
[Board "1"]
[White "Socko, Monika"]
[Black "Abdumalik, Zhansaya"]
[Result "1/2-1/2"]
[WhiteTitle "GM"]
[BlackTitle "WGM"]
[WhiteElo "2463"]
[BlackElo "2379"]
[WhiteTeam "POLAND"]
[BlackTeam "KAZAKHSTAN"]
[WhiteFideId "1106619"]
[BlackFideId "13703544"]
[EventDate "2015.04.19"]

1. e4 e5 2. Nf3 Nc6 3. Bc4 Bc5 4. c3 Nf6 5. d3 O-O 6. Bb3 d6 7. Nbd2 a6 8. h3
Be6 9. Nf1 Bxb3 10. axb3 d5 11. Qe2 dxe4 12. dxe4 Nh5 13. g3 Nf6 14. g4 h6 15.
Ng3 Qd7 16. b4 Bb6 17. Rg1 Nh7 18. Nf5 Qe6 19. N3h4 f6 20. Ng2 Rad8 21. h4 Rd7
22. Nge3 Ne7 23. Qc4 Qxc4 24. Nxc4 Ng6 25. Nxb6 cxb6 26. Be3 b5 27. Ke2 Rfd8 28.
Rgd1 Nhf8 29. h5 Nh8 30. Ne7+ Kf7 31. Nd5 Ne6 32. Bb6 Rc8 33. Ne3 Rxd1 34. Rxd1
Ke8 35. Nf5 Nf7 36. Be3 Rc7 37. Rd5 Rc4 38. f3 Rc6 39. Kd2 Rc7 40. b3 Nfg5 41.
Bxg5 Nxg5 42. Rd3 Ne6 43. c4 bxc4 44. bxc4 Kf8 45. Kc3 Ke8 46. Kb3 Rd7 47. Rd5
Rc7 48. c5 a5 49. Ka4 axb4 50. Kxb4 Rd7 51. Rd6 Rxd6 52. Nxd6+ Kd7 53. Nxb7 Nd4
54. Nd6 Nxf3 55. Nf5 Nh2 56. Kb5 Kc7 57. Ne3 Nf3 58. Nd5+ Kc8 59. c6 Ng5 60. Kb6
Ne6 61. Ne7+ Kd8 62. Nf5 Kc8 63. Nd6+ Kb8 64. c7+ Nxc7 65. Kc6 Ne6 66. Kd7 Ng5
67. Ke7 Kc7 68. Ne8+ Kc6 69. Nxg7 Nxe4 70. Nf5 Nf2 71. Ne3 Kc5 72. Kxf6 Kd4 73.
Nf5+ Ke4 74. Nxh6 Kf4 75. Kg6 e4 76. Nf5 Nxg4 77. Nd4 e3 78. Ne2+ Kf3 79. Nc3 e2
80. Nxe2 Kxe2 1/2-1/2

[Event "Women's World Teams 2015"]
[Site "Chengdu CHN"]
[Date "2015.04.28"]
[Round "9.4"]
[Board "2"]
[White "Saduakassova, Dinara"]
[Black "Zawadzka, Jolanta"]
[Result "1/2-1/2"]
[WhiteTitle "WGM"]
[BlackTitle "WGM"]
[WhiteElo "2398"]
[BlackElo "2422"]
[WhiteTeam "KAZAKHSTAN"]
[BlackTeam "POLAND"]
[WhiteFideId "13700090"]
[BlackFideId "1122320"]
[EventDate "2015.04.19"]

1. d4 d5 2. c4 c6 3. Nf3 e6 4. e3 Nf6 5. Bd3 Nbd7 6. O-O Bd6 7. Nc3 O-O 8. e4
dxe4 9. Nxe4 Nxe4 10. Bxe4 Nf6 11. Bc2 c5 12. b3 b6 13. Bb2 Bb7 14. dxc5 Bxc5
15. Qe2 h6 16. Rad1 Qe7 17. Ne5 Rfd8 18. h3 Rxd1 19. Rxd1 Rd8 20. Rxd8+ Qxd8 21.
a3 a5 22. Qd3 Qe7 23. Bd4 Be4 24. Bxc5 bxc5 25. Qe2 Bxc2 26. Qxc2 Qd6 27. Qe2
Qd4 28. Kh2 Ne4 29. Nf3 Qd6+ 30. g3 f5 31. Qe3 Qd1 32. Kg2 Qc2 33. a4 Qb2 34. g4
g5 35. Ne1 Kg7 36. Qf3 Kf6 37. Qe3 Qd2 38. Nd3 Qc3 39. Nc1 Qxe3 40. fxe3 Ke5 41.
Kf3 Nf6 42. Nd3+ Kd6 43. Nf2 h5 44. gxh5 Nxh5 45. Nd1 Nf6 46. Nc3 Ke5 47. Nb5
g4+ 48. hxg4 fxg4+ 49. Kg3 Ne4+ 50. Kxg4 Nd2 51. Na7 Nxb3 52. Nc6+ Ke4 53. Kg5
Kxe3 54. Kf6 Kd3 55. Ne5+ Kc3 56. Kxe6 Kb4 57. Kd5 Kxa4 58. Nc6 Ka3 59. Nxa5
Nxa5 60. Kxc5 Kb3 61. Kd5 1/2-1/2

[Event "Women's World Teams 2015"]
[Site "Chengdu CHN"]
[Date "2015.04.28"]
[Round "9.4"]
[Board "3"]
[White "Szczepkowska-Horowska, Karina"]
[Black "Nakhbayeva, Guliskhan"]
[Result "1-0"]
[WhiteTitle "WGM"]
[BlackTitle "WGM"]
[WhiteElo "2414"]
[BlackElo "2329"]
[WhiteTeam "POLAND"]
[BlackTeam "KAZAKHSTAN"]
[WhiteFideId "1122681"]
[BlackFideId "13704788"]
[EventDate "2015.04.19"]

1. e4 c5 2. Nc3 Nc6 3. Bb5 Nd4 4. Nf3 Nxb5 5. Nxb5 d6 6. d4 Nf6 7. Nc3 cxd4 8.
Qxd4 e5 9. Qd3 h6 10. Nd2 Be6 11. Nc4 Rc8 12. Ne3 Be7 13. O-O O-O 14. Rd1 Qc7
15. Bd2 Rfd8 16. Be1 Bf8 17. a4 b6 18. f3 Nh5 19. g3 Nf6 20. Nb5 Qb7 21. c4 g6
22. b3 a6 23. Nc3 Nd7 24. Rab1 Nc5 25. Qe2 Nd7 26. Ned5 Re8 27. g4 Bg7 28. Bf2
Kh8 29. Be3 f5 30. gxf5 gxf5 31. Kh1 f4 32. Bf2 Bh3 33. Rg1 Rb8 34. Bh4 Nc5 35.
Nf6 Rf8 36. Nh5 Ne6 37. Nxg7 Nxg7 38. Rg6 Kh7 39. Rbg1 Nh5 40. Nd5 Rg8 41. Rxg8
Rxg8 42. Rxg8 Kxg8 43. Qf2 Qg7 44. Nxb6 Nf6 45. Qg1 Ng4 46. Nd5 Ne3 47. Nf6+ Kf7
48. Qxg7+ Kxg7 49. Ne8+ Kf7 50. Nxd6+ Ke6 51. c5 Bg2+ 52. Kg1 Bxf3 53. b4 Be2
54. b5 axb5 55. axb5 Nc4 56. Nb7 Bf3 57. c6 Nb6 58. Bf2 Nc8 59. b6 Ne7 60. Nd8+
Kd6 61. b7 Kc7 62. Bb6+ 1-0

[Event "Women's World Teams 2015"]
[Site "Chengdu CHN"]
[Date "2015.04.28"]
[Round "9.4"]
[Board "4"]
[White "Dauletova, Gulmira"]
[Black "Kulon, Klaudia"]
[Result "1-0"]
[WhiteTitle "WIM"]
[BlackTitle "WGM"]
[WhiteElo "2201"]
[BlackElo "2310"]
[WhiteTeam "KAZAKHSTAN"]
[BlackTeam "POLAND"]
[WhiteFideId "13702971"]
[BlackFideId "1131044"]
[EventDate "2015.04.19"]

1. e4 c5 2. Nf3 d6 3. Bc4 Nf6 4. d3 Nc6 5. c3 g6 6. Bb3 Bg7 7. O-O O-O 8. Re1 e5
9. Nbd2 h6 10. h3 Be6 11. Ba4 Nh5 12. Nc4 Rb8 13. Ne3 b5 14. Bb3 Nf4 15. Nd5 g5
16. Be3 a5 17. a3 Qd7 18. Ba2 Bxd5 19. exd5 Ne7 20. d4 e4 21. Nh2 Nd3 22. Re2 c4
23. Bc1 f5 24. a4 Nxd5 25. axb5 Qxb5 26. Nf1 Kh8 27. Bb1 Rbe8 28. Bc2 Nxb2 29.
Bxb2 Qxb2 30. Ba4 Qb6 31. Rc2 Rb8 32. Qe2 Qc7 33. Nd2 Rfc8 34. g3 Ne7 35. Rca2
d5 36. Bc2 Ra8 37. Nf1 Re8 38. Qh5 Rf8 39. Bd1 Kh7 40. Rb1 Ng8 41. Ne3 f4 42.
gxf4 Nf6 43. Qe2 gxf4 44. Nxd5 Qc6 45. Nxf4 a4 46. Bc2 a3 47. Nh5 Nxh5 48. Bxe4+ 1-0